Sudden Death: Misspellings #2 - Statistics

General Stats
  • This quiz has been taken 602 times
    294 since last reset
  • The average score is 9 of 16
Answers on the Grid
Answers color-coded by a green-red scale on the quiz's grid according to % correct below.
acceptable
alot
aquit
arguing
calendar
realisticly
chauffeur
colleague
daquiri
enviroment
exhilerate
experience
firey
goverment
grammer
jewlery
kernel
liase
milennium
miniature
nucular
occasion
occurrence
particularly
publically
questionaire
queue
receive
relevant
responsibility
seperate
until
 
Answer Stats
Answer % Correct
grammar grammer
72%
jewelry (U.S.) or jewellery (Commonwealth) jewlery
68%
nuclear nucular
68%
realistically realisticly
68%
government goverment
67%
environment enviroment
66%
acquit aquit
57%
millennium milennium
57%
separate seperate
57%
allot or a lot alot
53%
questionnaire questionaire
52%
fiery firey
50%
exhilarate exhilerate
47%
liaise liase
44%
publicly publically
44%
daiquiri daquiri
42%
No matching quizzes found
Score Distribution
Percent of People with Each Score
Percentile by Number Answered
Your Score History
You have not taken this quiz since the last reset